000 00379cam a2200145ua 4500
041 _aeng
_h
082 _a030
_bPRE/EN
100 _aPreece, Warren E.
245 _aEncyclopaedia britannica vol-4 /
_cWarren E Preece.
_hTextual Documents
260 _aChicago :
_bEncyclopaedia Britannica INC ,
_c1967.
300 _a980 ; .
504 _a
942 _cBK
999 _c5492
_d5492